Historisches wörterbuch der philosophie

Gespeichert in:
Bibliographische Detailangaben
Hauptverfasser: Ritter, Joachim (VerfasserIn), Gründer, Kaelfried (VerfasserIn), Gabriel, Gottfried (VerfasserIn)
Format: Buch
Sprache:Deutsch
Veröffentlicht: Stuttgart Schwabe 2007
Schlagworte:
Tags: Tag hinzufügen
Keine Tags, Fügen Sie den ersten Tag hinzu!

MARC

LEADER 00000nam a2200000 a 4500
001 UCI2343
003 CL-VaPUC
008 070817e20070000gw |||||||||||||||||ger|d
020 |a 9783796501159 
082 0 4 |a 103  |b RIT  |2 21 
100 0 |a Ritter, Joachim  |e author  |9 523314 
700 0 |a Gründer, Kaelfried  |e author  |9 523315 
700 0 |a Gabriel, Gottfried  |e author  |9 523316 
245 1 0 |a Historisches wörterbuch der philosophie 
300 |a v 
942 |c BK 
945 |d 20070817 00:00:00  |a jtorresc 
260 |a Stuttgart  |b Schwabe  |c 2007 
500 |a Contiene CD 
500 |a v.13: Register 
650 0 |a Filosofía   |9 223554 
650 7 |a ENCICLOPEDIA  |2 CL-VaPUC  |9 331864 
583 |a last modification  |c 20171212 06:24:08  |k Rodrigo Vera 
999 |c 326946  |d 326944 
952 |0 0  |1 0  |4 0  |6 103_000000000000000_RIT_2007  |7 0  |8 X  |9 409234  |a BIBEDU  |b BIBEDU  |d 2019-11-22  |h v.13  |i 4365135  |o 103 RIT 2007  |p 4365135  |r 2023-01-13  |w 2019-11-22  |y BK_X  |k FIL